The Consecrated Urn : (Record no. 54722)
[ view plain ]
| 000 -LEADER | |
|---|---|
| fixed length control field | 00719nam a2200229 a 4500 |
| 001 - CONTROL NUMBER | |
| control field | 54722 |
| 003 - CONTROL NUMBER IDENTIFIER | |
| rucl marc code | BD-RjUL |
| 005 - DATE AND TIME OF LATEST TRANSACTION | |
| control field | 20211209080148.0 |
| 008 - FIXED-LENGTH DATA ELEMENTS--GENERAL INFORMATION | |
| fixed length control field | 161109s1959 enk||||| |||| 001 0 eng d |
| 035 ## - SYSTEM CONTROL NUMBER | |
| System control number | (BD-RjUL)54844 |
| 040 ## - CATALOGING SOURCE | |
| Original cataloging agency | BD-RjUL |
| Language of cataloging | eng |
| Transcribing agency | BD-RjUL |
| 041 ## - LANGUAGE CODE | |
| Language code of text/sound track or separate title | eng |
| 082 ## - DEWEY DECIMAL CLASSIFICATION NUMBER | |
| Edition number | 23 |
| Classification number | 821.709 |
| Author mark and year | BLC 1959 |
| 100 ## - MAIN ENTRY--PERSONAL NAME | |
| Personal name | Blackstone, Bernard, |
| 9 (RLIN) | 133021 |
| 245 ## - TITLE STATEMENT | |
| Title | The Consecrated Urn : |
| Remainder of title | an interpretation of Keats in terms of growth and form / |
| Statement of responsibility, etc. | Bernard Blackstone |
| 250 ## - EDITION STATEMENT | |
| Edition statement | 1st, ed. |
| 260 ## - PUBLICATION, DISTRIBUTION, ETC. (IMPRINT) | |
| Place of publication, distribution, etc. | London : |
| Name of publisher, distributor, etc. | Longmans, Green & Co, |
| Date of publication, distribution, etc. | c1959. |
| 300 ## - PHYSICAL DESCRIPTION | |
| Pagination | xv, 426 p. ; |
| Size | 21 cm. |
| 500 ## - GENERAL NOTE | |
| General note | Includes index |
| 600 ## - SUBJECT ADDED ENTRY--PERSONAL NAME | |
| Personal name | Keats, John |
| Dates associated with a name | 1795-1821 |
| General subdivision | Criticism and interpretation. |
| 942 ## - ADDED ENTRY ELEMENTS (KOHA) | |
| Source of classification or shelving scheme | Dewey Decimal Classification |
| Koha item type | Books |
| Lost status | Source of classification or shelving scheme | Damaged status | Not for loan | Collection code | Permanent Location | Current Location | Shelving location | Date acquired | Source of acquisition | Cost, normal purchase price | Total Checkouts | Full call number | Date last seen | Copy number | Koha item type |
|---|---|---|---|---|---|---|---|---|---|---|---|---|---|---|---|
| Dewey Decimal Classification | Non-fiction | Central Library, University of Rajshahi | Central Library, University of Rajshahi | 18/07/1963 | Paramount B. S. Karachi | 33.75 | 821.709 BLC 1959 | 09/11/2016 | C-2 | Books |